000 00711nam a2200229Ia 4500
003 GCL
008 140319s9999 xx 000 0 ara d
040 _aGCL /
_cGCL
082 0 4 _a301.412
_bم د
100 1 _aمحيى الدين احمد حسين
245 1 0 _aدراسات فى شخصية المرأة المصرية /
_cمحيى الدين احمد حسين
260 _a[S.N] :
_bدار المعارف ،
_c1983
300 _a190
490 _a
650 0 4 _aالاسرة
650 0 4 _aالمرأة
650 0 4 _aالعلاقات الاسرية
650 0 4 _aالاجتماع
650 0 4 _aالسلوك الاجتماعى
650 0 4 _aعلم النفس الاجتماعى
942 _2ddc
_cBK
999 _c55123
_d55123